00671nam a2200217 a 4500001001400000005001700014008004100031020001800072100001900090245008700109250001200196260003400208300001100242500005700253517002500310650002500335650002100360650002400381650002000405700002800425$$a000002750720200120222128.0060130s2004 arg0 gr0 000 d a987-04-0007-80 aDiderot, Denis10aJacques el fatalista /cDenis Diderot; traducción y notas de: Félix de Azúa. a1a. ed. aBuenos AiresbAlfaguarac2004 a345 p. aDonación Ej.1 de Chicalá. Premio Santillana 2005 aJacques le fataliste14aNARRACION (RETORICA)14aRETORICA ANTIGUA14aLITERATURA FRANCESA14aNOVELA FRANCESA1 aAzúa, Félix de, tr.